000 00767nam a22002297a 4500
005 20170124105957.0
010 _aB-058954
020 _c00.00
_a8171415946
035 _a734135
037 _bCen Lib/Ret
040 _aDPL
_bEN
082 _a363.8
_bKUS
100 _aKusuma, D.L.
_914919
245 _aProfile of nutrition of rural adolescent girls /
_cby D.L. Kusuma
260 _aNew Delhi
_bDiscovery Publishing House
_c2001
270 _bNew Delhi
_a4831/24, ansari road prahlad street, dariya ganj
_e110002
300 _a266p.
_c21cm(Hb)
500 _aIncludes appendix, bibliographical references and index
650 _aTeenage girls
_914920
650 _aTeenage girls--Nutrition
_zIndia
_914921
942 _2ddc
_cEN
_h363.8
_mKUS
999 _c125605
_d125605